Ultimes Marvel Rivals - Statistiques

Statistiques générales
  • Ce quiz a été pris 23 fois
  • Le résultat moyen est 33 sur 45
Statistiques - réponses
Ultimates héros ou vilains % Correct
Hel Unleashed! / A feast for my crows! Hela
100%
Let the devil out! / Devil's reign Daredevil
95%
Behold: Darkchild! / Limbe stands with you Magik
95%
Maximum Pulse! / Pulse, charge, fire! Iron Man
90%
By the Eye of Agamotto! / I unleash the Vishantis' power Doctor Strange
85%
The moon haunts you! / leave them to Khonshu! Moon Knight
85%
Behold, the ______ / I am Asgard's might! Thor
85%
Tremble before Bast! / Bast, grace us with victory! Black Panther
80%
Dinner time, love! / Release the Glartrox! Elsa Bloodstone
80%
Woooo! I never miss! / Here's how you shoot! Hawkeye
80%
Qi guàn cháng hóng! / The Dragon unleashed! Iron Fist
80%
Don't mess with the Amazing _____! You get a web, and you get a wen, and you a web! Spider-Man
80%
Legendary! / Alright! Star-Lord
80%
Judge! Jury! EXECUTIONER!!! / I'm doing this MY WAY! The Punisher
80%
It's clobberin' time! / My favorite time! The Thing
80%
Heaven...Falls! / Submit...Weaklings! Angela
75%
Assemble! / Together! To victory! Captain America
75%
WHAT ARE YOU AMING AT?! / Ooh! Let's play a game /Boom, no skillshot! / Down goes their accuracy percentage! Deadpool
75%
____, SMASH! / NOW ___ MAAAD! Hulk
75%
Your powers are mine! / Bring on the chaos! Loki
75%
I am ready to put on a show! / It's the grand finale! Luna snow
75%
You are nothing! / i am _____! Phœnix
75%
Pure chaos! / the perfect hex! Scarlet Witch
75%
Armed and dangerous! / Again / Stand, down! Winter Soldier
75%
Born again! / Rise, my friends! Adam Warlock
70%
____ never folds! / a winnin' hand! Gambit
70%
Disappear! / Shields up! Invisible Woman
70%
Om, nom, nom! / Yummy, yummy! Jeff the Land Shark
70%
We are undefeatable! / Friends, gather around! Mantis
70%
It's Spider time! / Spider mode! Peni Parker
70%
Chō no mai o kurāe! / Watch me soar! Psylocke
70%
I take EVERYTHING / Takin' it ALL! Rogue
70%
Feel the wrath of the goddess! / Hurricane incoming! Storm
70%
Plasma...Burst! / Mind the exploding plasma. Black Widow
65%
Us against the world ! / it's co-op time Cloak & Dagger
65%
_____! / HAHA! Problém solved! Mister Fantastic
65%
THIS is a real fire power! / Hey team, enjoy the amplifier! Rocket Raccoon
65%
Extermination! / ____ reigns supreme! Ultron
65%
A thousand cuts! / Still got an edge! Blade
60%
Kneel, peasants / You belong to me! Emma Frost
60%
We are ___! / We hunger! Venom
60%
____ Stampede! / My friends are here! Squirrel Girl
55%
Berserker Rage! Wolverine
55%
Abrouuuuuu Namor
50%
Super Nova! / I'm bright like a star! Torche humaine
45%
Aucun quiz correspondant
Distribution des résultats
% des personnes avec chaque résultat
Percentile par nombre de réponses
Votre historique - résultats
Vous n’avez pas pris ce quiz